000 00525cam a2200145 4500500
005 20260208010217.0
041 _afre
042 _adc
100 1 0 _aBodin, Thierry
_eauthor
245 0 0 _aMadeleine et Francis, ou l’histoire littéraire à quatre mains
260 _c2016.
500 _a28
786 0 _nRevue d'histoire littéraire de la France | 116 | 1 | 2016-03-07 | p. 43-50 | 0035-2411
856 4 1 _uhttps://shs.cairn.info/revue-d-histoire-litteraire-de-la-france-2016-1-page-43?lang=fr&redirect-ssocas=7080
999 _c1655585
_d1655585